[Event "Chessable Masters by chess24-B"]
[Site "Online"]
[Date "2020.06.19"]
[Round "1.1"]
[White "Caruana, Fabiano"]
[Black "Ding, Liren"]
[Result "1/2-1/2"]
[WhiteElo "2773"]
[BlackElo "2836"]
[Annotator "TA"]
[PlyCount "87"]
[EventDate "2020.06.20"]
[EventType "tourn"]
[SourceTitle "playchess.com"]
[Source "ChessBase"]
[SourceQuality "1"]

{[%evp 13,87,-1,-12,-7,-16,-9,-11,-4,-10,-17,-11,-10,0,0,15,0,0,0,0,0,0,0,0,0,0,0,4,0,0,0,4,8,9,0,0,0,0,0,0,-6,0,0,39,0,0,0,0,0,0,0,0,-7,0,0,3,8,6,0,0,0,57,64,76,0,77,77,79,0,6,5,5,0,0,0,0,0]} 1. d4 Nf6 2. c4 e6 3. Nc3 Bb4 4. e3 O-O 5. Nge2 Re8 6. a3 Bf8 7. Ng3 d5 8. Bd3 {E46: Nimzo-Indian: Rubinstein: 4 e3 0-0 5 Ne2 without early Bd3.} dxc4 9. Bxc4 c5 10. O-O cxd4 11. exd4 Nc6 12. Be3 b6 {[#]} 13. Nh5 $146 ({Predecessor:} 13. Qd2 Na5 14. Bb5 Nb3 15. Qd1 Nxa1 16. Bxe8 Qxe8 17. Qxa1 Bb7 18. Rd1 Rc8 19. f3 {0-1 (42) Tomiello,M (1969)-Parligras,M (2591) chess.com INT 2020}) 13... Bb7 14. Bg5 {[#] Strongly threatening d5.} Be7 $1 ({But not} 14... Nxd4 $6 15. Bxf6 gxf6 16. Qg4+ Kh8 17. Rad1 $16) 15. Bxf6 Bxf6 16. d5 $1 exd5 17. Nxf6+ Qxf6 18. Bxd5 Rad8 19. Qa4 a6 20. Rad1 b5 21. Qg4 Bc8 22. Qg3 Nd4 {[#] And now ...Rxd5! would win.} 23. Rfe1 Rxe1+ 24. Rxe1 Be6 25. h3 h6 26. Bb7 a5 27. Qc7 b4 28. axb4 (28. Ne4 $5 {[%cal Re4f6]} Qh4 29. Qxa5 $14) 28... axb4 29. Ne4 Qh4 30. Nc5 Qg5 31. Ne4 Qh4 32. Ng3 (32. Nc5 {keeps more tension.}) 32... Nb5 {[%cal Bd4b5,Bb5d6,Bd6c4,Bc4b2][%mdl 32]} 33. Qc5 Nd6 34. Bf3 b3 35. Rd1 Nc4 36. Nf5 Bxf5 (36... Rxd1+ $11 37. Bxd1 Qf6 38. Bxb3 Qxb2) 37. Qxf5 $14 Nxb2 38. Rxd8+ Qxd8 39. Bd5 Qf6 40. Qg4 (40. Qxf6 $16 gxf6 41. Bxb3) 40... g6 $132 {[%mdl 2048] Black is not keeping still. The position is equal.} 41. Qe2 Kg7 42. Bxb3 Qc3 43. Bc2 Nc4 44. g3 {Accuracy: White = 93%, Black = 94%.} 1/2-1/2

[Event "Chessable Masters by chess24-B"]
[Site "Online"]
[Date "2020.06.19"]
[Round "1.2"]
[White "Nepomniachtchi, Ian"]
[Black "Radjabov, Teimour"]
[Result "1-0"]
[WhiteElo "2778"]
[BlackElo "2758"]
[Annotator "TA"]
[PlyCount "113"]
[EventDate "2020.06.20"]
[EventType "tourn"]
[SourceTitle "playchess.com"]
[Source "ChessBase"]
[SourceQuality "1"]

{[%evp 17,113,29,25,20,35,21,17,20,16,4,32,31,31,31,33,30,44,41,46,6,3,6,0,0,2,0,0,0,0,0,10,0,0,0,33,6,20,11,16,14,30,22,12,9,14,0,6,2,8,0,24,0,0,0,0,0,0,0,85,83,68,76,97,112,122,120,107,69,69,69,159,90,98,84,160,160,160,84,92,48,160,160,194,112,194,194,192,154,5077,1524,5202,2918,29983,6183,29990,29980,29991,29992]} 1. d4 Nf6 2. c4 e6 3. Nf3 b6 4. g3 Bb7 5. Bg2 Be7 6. O-O O-O 7. Nc3 Ne4 8. Bd2 Nxd2 9. Qxd2 d6 10. e4 {E18: Queen's Indian: Old Main Line (4 g3 Bb7 5 Bg2 Be7 6 0-0 0-0 7 Nc3).} Nd7 11. Rad1 a6 12. d5 {The position is equal.} Bf6 {[#]} 13. Nd4 $146 ({Predecessor:} 13. b3 Qe7 14. Nd4 Bxd4 15. Qxd4 e5 16. Qd2 a5 17. Rb1 Nc5 18. a3 Rfe8 19. b4 axb4 20. axb4 {½-½ (42) Kuta,J (2305)-Klempar,M (2250) ICCF email 2003}) 13... Bxd4 (13... e5 {looks sharper.} 14. Nde2 a5 15. Na4 g6 16. Nec3 Bg7) 14. Qxd4 e5 15. Qd2 Qe7 16. f4 Rfe8 17. f5 Nf6 18. h3 b5 19. cxb5 axb5 20. a3 Ba6 21. Na2 {[%cal Bc3a2,Ba2b4,Bb4c6][%mdl 32] [#]} b4 $1 {[%mdl 512]} 22. Nxb4 Bxf1 23. Rxf1 Nd7 24. Qe3 h6 25. h4 Qf8 26. Rc1 {[%mdl 1024] White has compensation.} Nc5 27. Nc6 Nd7 28. b4 h5 29. Ra1 Nb8 30. Na5 Nd7 31. Bf1 Rxa5 32. bxa5 {Hoping for Bb5.} Ra8 $1 33. a6 Nc5 34. Be2 Nxa6 35. Bxh5 Nc5 36. Rb1 Ra4 37. Rb4 Rxb4 (37... Qa8 $1 $11 38. Rxa4 Qxa4) 38. axb4 $16 Nd7 39. Qa7 $36 {[%mdl 2048] Black is under strong pressure.} Qd8 40. Kg2 Kf8 41. Be2 Nf6 42. Kf3 g6 43. fxg6 Qc8 (43... fxg6 $14 44. Ke3 Qc8) 44. Kg2 (44. g7+ $142 $1 Kxg7 45. Kg2) 44... fxg6 45. Bf3 Qd8 {[#]} ({Better is} 45... Kg7) 46. Qe3 $1 Kg7 {[#]} 47. Qg5 ({White should try} 47. g4 $1) 47... Qe8 48. g4 Qf7 (48... Qb5 $14) 49. Qc1 Qd7 50. Kg3 (50. g5 $18 Nh7 51. Kg3) 50... Ng8 (50... Nh7 $16 {keeps fighting.} 51. g5 Kh8) 51. g5 $18 Qd8 52. Bg4 Ne7 $2 {Black cannot hold the game after this.} (52... Qb8 $16 53. Qe1 Qa7) 53. Be6 (53. Qf1 $142 Qf8 54. Qf3) 53... Qf8 54. b5 Qa8 55. Qf1 (55. Qxc7 $142 Kh8 56. Qxd6 (56. Qxe7 Qa3+ 57. Kg4 Qh3+ 58. Kxh3 $11) 56... Qe8 57. b6 Qf8 58. Qxe5+ Kh7 59. Qf4 Nf5+ 60. exf5) 55... Qe8 56. Qf6+ Kh7 {[#]} 57. h5 $1 {[%mdl 512] Accuracy: White = 76%, Black = 60%.} 1-0

[Event "Chessable Masters by chess24-B"]
[Site "Online"]
[Date "2020.06.19"]
[Round "1.3"]
[White "Vachier-Lagrave, Maxime"]
[Black "Giri, Anish"]
[Result "1/2-1/2"]
[WhiteElo "2860"]
[BlackElo "2731"]
[Annotator "TA"]
[PlyCount "64"]
[EventDate "2020.06.20"]
[EventType "tourn"]
[SourceTitle "playchess.com"]
[Source "ChessBase"]
[SourceQuality "1"]

{[%evp 11,64,0,11,-11,-10,-13,-14,-30,-24,-23,-12,-36,-33,-69,13,-54,-34,-41,-29,-79,-66,-55,-38,-64,-66,-67,0,0,0,0,0,0,0,0,0,0,-5,0,0,0,9,0,0,0,0,0,0,0,0,0,0,0,0,0,0]} 1. f4 d5 2. Nf3 Nf6 3. g3 g6 4. Bg2 Bg7 5. O-O O-O 6. d3 b6 7. Ne5 {A03: Bird's Opening with 1...d5.} Bb7 8. Nd2 Nbd7 9. Ndf3 c5 10. c3 e6 11. Qe1 Qc7 12. h3 {[#]} d4 $146 (12... a5 $15) ({Predecessor:} 12... Nxe5 13. fxe5 Nd7 14. d4 f6 15. exf6 Nxf6 16. Bf4 Qe7 17. Ne5 Ne4 18. h4 Rac8 19. Bxe4 dxe4 {0-1 (29) Kabisch,T (2314)-Baburin,A (2458) Illertissen 2018}) 13. e4 (13. cxd4 $11 cxd4 14. Bd2) 13... dxe3 14. Bxe3 Nd5 15. Bf2 Rad8 16. Qe2 Ne7 17. Rfe1 Nxe5 18. fxe5 Bxf3 ({Black should try} 18... Bd5 $15) 19. Bxf3 $11 {The position is equal.} Nc6 {[%cal Rc6e5]} 20. d4 cxd4 {[#] And now ...d3 would win.} 21. Qc4 Rc8 22. Qxc6 $1 Qxc6 23. Bxc6 Rxc6 24. Bxd4 Rd8 25. Kf2 Kf8 26. Re4 Ke8 27. Ke2 Bf8 28. Be3 Bc5 29. Bg5 Be7 30. Be3 Bc5 31. Bg5 Be7 32. Be3 Bc5 {Accuracy: White = 79%, Black = 87%.} 1/2-1/2

[Event "Chessable Masters by chess24-B"]
[Site "Online"]
[Date "2020.06.19"]
[Round "2.1"]
[White "Ding, Liren"]
[Black "Giri, Anish"]
[Result "1/2-1/2"]
[WhiteElo "2836"]
[BlackElo "2731"]
[Annotator "TA"]
[PlyCount "73"]
[EventDate "2020.06.20"]
[EventType "tourn"]
[SourceTitle "playchess.com"]
[Source "ChessBase"]
[SourceQuality "1"]

{[%evp 15,73,-2,-13,-9,4,-8,-5,-5,-5,-5,-7,-3,0,2,0,0,0,0,2,-15,-12,-32,0,0,0,0,0,0,0,0,2,0,27,12,28,12,28,20,21,21,29,21,21,21,23,19,34,32,35,21,40,20,20,17,21,0,24,0,21,0]} 1. c4 e5 2. g3 c6 3. Nf3 e4 4. Nd4 d5 5. cxd5 Qxd5 6. Nc2 Nf6 7. Bg2 Qh5 8. h3 Qg6 9. Nc3 {A20: English Opening: 1...e5.} Bd6 10. O-O O-O 11. d3 exd3 12. Qxd3 Qxd3 13. exd3 {[#]} Be6 $146 ({Predecessor:} 13... Nbd7 14. d4 Nb6 15. Ne3 Be6 16. Rd1 Rad8 17. b3 Rd7 18. Bb2 Rfd8 19. g4 h6 {0-1 (38) Ashutosh,K (1978)-Gareyev,T (2592) Bangkog 2018}) 14. Nd4 Bd7 15. Bg5 Na6 16. Bxf6 gxf6 17. Ne4 Be7 18. g4 Nc5 19. Rad1 Nxe4 20. Bxe4 Bc5 21. Nf5 Bxf5 22. Bxf5 Rad8 23. Rfe1 Rfe8 24. Kg2 h6 25. b3 Kf8 26. h4 Rxe1 27. Rxe1 Re8 28. Rxe8+ Kxe8 $11 {[%mdl 4096] Endgame KB-KB} 29. f4 Ke7 30. Kf3 b6 31. Ke4 Bb4 32. d4 Bd2 33. h5 Bc1 34. Kf3 Bd2 35. Ke4 Bc1 36. Kf3 Bd2 37. Ke4 {Accuracy: White = 100%, Black = 92%.} 1/2-1/2

[Event "Chessable Masters by chess24-B"]
[Site "Online"]
[Date "2020.06.19"]
[Round "2.2"]
[White "Radjabov, Teimour"]
[Black "Vachier-Lagrave, Maxime"]
[Result "1/2-1/2"]
[WhiteElo "2758"]
[BlackElo "2860"]
[Annotator "TA"]
[PlyCount "118"]
[EventDate "2020.06.20"]
[EventType "tourn"]
[SourceTitle "playchess.com"]
[Source "ChessBase"]
[SourceQuality "1"]

{[%evp 13,118,8,17,6,36,29,45,16,49,-21,-20,-20,-20,-20,-20,-25,-33,-21,-12,-15,-1,-11,0,0,0,-6,14,6,10,3,6,0,0,0,0,0,0,0,0,0,0,0,26,26,29,0,0,0,0,0,0,0,0,0,0,0,0,0,0,0,8,5,89,5,5,6,6,0,0,0,0,0,543,543,543,543,543,543,12355,0,0,0,0,0,0,0,0,0,0,0,0,0,0,0,0,0,29987,29985,29985,29985,29992,29986,29991,29987,29990,29988,29989]} 1. Nf3 d5 2. d4 Nf6 3. c4 c6 4. e3 Bf5 5. Nc3 e6 6. Be2 Be7 7. O-O Nbd7 8. Nh4 {D12: Slav Defence: 3 Nf3 Nf6 4 e3 Bf5.} Be4 9. f3 Bg6 $1 10. Qb3 {White is slightly better.} Qc7 {[#]} 11. Bd2 $146 {[#]} (11. cxd5 $14 Nxd5 12. Nxg6 hxg6 13. g3) ({Predecessor:} 11. g3 O-O 12. Nxg6 hxg6 13. cxd5 exd5 14. e4 Nb6 15. Bf4 Qd7 16. e5 Ne8 17. a4 {½-½ (39) Kalinin,O (2328)-Iovcov,V (2199) Kishinev 2013}) 11... Ng4 $1 $11 {[%mdl 512]} 12. fxg4 Bxh4 13. Rac1 {[%cal Rc4d5]} Qb6 14. Be1 Bxe1 15. Rfxe1 O-O 16. h3 Rae8 17. Qxb6 axb6 18. a4 Nf6 19. b3 Ne4 20. Nxe4 Bxe4 21. Bf3 f5 22. g5 Kf7 23. Kf2 Ke7 24. Kg3 Kd6 25. h4 h6 26. Kf4 hxg5+ 27. Kxg5 Rf6 28. Bxe4 fxe4 {[%mdl 4096] Endgame KRR-KRR} 29. Rf1 Ref8 30. Rxf6 gxf6+ {KR-KR} 31. Kf4 f5 $1 32. Rg1 Rh8 33. g3 Rg8 $1 {[%csl Gf5][%cal Rg8g4]} 34. g4 fxg4 35. h5 Rf8+ 36. Kg3 Rf3+ 37. Kxg4 Rxe3 {[#]} 38. h6 (38. cxd5 $1 $16 Kxd5 39. Rf1) 38... Rf3 39. h7 Rf8 40. Kh5 {Black must now prevent Rg8.} Rh8 41. Kh6 $1 c5 42. dxc5+ bxc5 $2 {[%mdl 8192] [#]} (42... Kxc5 $11 43. Rg6 dxc4 44. bxc4 Kxc4) 43. cxd5 $1 $18 exd5 {And now ...d4 would win.} 44. Rg8 Rxh7+ 45. Kxh7 {KR-KP} d4 46. Re8 $2 (46. Kg6 $18 e3 47. Re8) 46... d3 $11 47. Kg6 ({Avoid the trap} 47. Rxe4 $2 d2 $19) 47... Kd7 48. Re5 Kc6 {aiming for ...d2.} (48... Kd6 $5 49. Re8 $8 (49. Rxe4 $2 d2 $19) 49... Kd7 $11) 49. Re6+ $1 Kd5 (49... Kd7 $5 50. Re5 $8 Kd6 $11) 50. Re8 {Threatens to win with Kf5.} Kd4 51. Kf5 {Hoping for Kf4.} d2 52. Rd8+ (52. Kf4 $5 {[%cal Re8d8]} Kd3 53. Rd8+ Kc2 54. Rd6 $11) 52... Ke3 53. a5 Ke2 {Strongly threatening ...e3.} 54. Kxe4 {KR-K3P} Kd1 $2 {[%mdl 8192]} (54... d1=Q $11 55. Rxd1 Kxd1) 55. Kd5 {White mates.} Kc2 56. Kc4 Kb2 57. Kxc5 Kxb3 58. Kb6 Kb4 59. Kxb7 Kxa5 {[%mdl 32768] Accuracy: White = 86%, Black = 85%. . An unexpected result.} 1/2-1/2

[Event "Chessable Masters by chess24-B"]
[Site "Online"]
[Date "2020.06.19"]
[Round "2.3"]
[White "Caruana, Fabiano"]
[Black "Nepomniachtchi, Ian"]
[Result "1-0"]
[WhiteElo "2773"]
[BlackElo "2778"]
[Annotator "TA"]
[PlyCount "127"]
[EventDate "2020.06.20"]
[EventType "tourn"]
[SourceTitle "playchess.com"]
[Source "ChessBase"]
[SourceQuality "1"]

{[%evp 19,127,0,12,0,0,0,0,0,8,0,0,0,0,0,0,0,33,53,37,39,24,33,22,35,48,22,41,44,56,66,61,60,68,77,89,84,83,80,87,85,110,100,97,81,81,62,142,97,648,638,643,634,627,626,659,684,681,672,623,673,678,680,671,654,857,574,849,847,841,828,943,845,725,631,1288,1287,2377,2462,2212,2444,2180,2293,1997,855,4133,670,539,0,4133,3826,2122,2322,12849,12128,29947,12364,29968,29966,29958,6231,29976,29977,29975,29976,29979,29980,29980,29981,29981,29982]} 1. c4 Nf6 2. Nc3 e5 3. g3 d5 4. cxd5 Nxd5 5. Bg2 Nb6 6. d3 Be7 7. Be3 O-O 8. Rc1 Re8 9. Nf3 Nc6 10. O-O Bf8 11. Bg5 {A29: English Opening: Four Knights Variation with 4 g3.} Qd7 12. a3 h6 13. Bd2 {The position is equal.} Qd8 14. Ne4 a5 {[#]} 15. Nc5 $146 ({Predecessor:} 15. Be3 Nd4 16. Nc5 Bxc5 17. Rxc5 Qd6 18. Rc1 c6 19. Nd2 Bg4 20. Re1 {1-0 (54) Nepomniachtchi,I (2751)-Palac,M (2525) Tbilisi 2017}) 15... a4 16. Qc2 Ra7 17. Rfe1 Nd4 18. Nxd4 exd4 19. e4 dxe3 20. Bxe3 c6 21. Ne4 Be6 22. Bc5 Ra8 23. Bxf8 Rxf8 24. Nc5 Bc8 $1 25. Re4 $36 {[%mdl 2048] White has good play.} Re8 26. Rce1 Rxe4 27. Rxe4 Ra5 28. h3 Kf8 29. d4 Ra8 {White should prevent ...Bf5.} 30. Re1 {[%cal Be4e1,Be1e8,Be8c8][%mdl 32] [#] Hoping for Qh7.} g6 31. Qd2 Kg7 32. Qf4 Nd7 (32... Nc4 $1 $14) 33. Ne4 {Nd6 is the strong threat.} Ra5 $2 {[%mdl 8192]} (33... Qe7 $16) 34. Nd6 $18 Nf6 {[#]} 35. Re8 $1 {[%mdl 512]} Qd7 (35... Nxe8 36. Qxf7+) 36. Rxc8 g5 37. Qd2 Ra6 38. Qb4 c5 39. dxc5 Rxd6 40. cxd6 Qxc8 41. Bxb7 Qxh3 42. Qxa4 h5 43. Qd4 Qd7 44. Bf3 h4 45. gxh4 gxh4 46. Qxh4 {Threatens to win with Qg5+.} Qf5 47. Kg2 Kf8 48. a4 Qg6+ 49. Qg3 Qf5 50. b4 Nd5 51. Qg4 Qe5 52. Qc8+ Kg7 {If only Black now had time for ...Nf4+....} 53. Qg4+ Kf8 $1 54. d7 Ke7 55. Qe4 Qxe4 56. Bxe4 Nxb4 {[%mdl 4096] Endgame KB-KN} 57. Bf5 Nc6 58. Kf3 Kd6 59. Kf4 (59. Ke4 $142 Nd8 60. Kd4 Kc7 61. Ke5 Nb7 62. Kf6 Kd8 63. Kxf7 Nd6+ 64. Kf6) 59... f6 60. Be4 {White mates.} Nd8 61. Kf5 Kxd7 62. Kxf6 Kd6 63. a5 {[%cal Ba4a5,Ba5a6][%mdl 32]} Ne6 64. a6 {Accuracy: White = 90%, Black = 59%.} 1-0

[Event "Chessable Masters by chess24-B"]
[Site "Online"]
[Date "2020.06.19"]
[Round "3.1"]
[White "Nepomniachtchi, Ian"]
[Black "Ding, Liren"]
[Result "1/2-1/2"]
[WhiteElo "2778"]
[BlackElo "2836"]
[Annotator "TA"]
[PlyCount "93"]
[EventDate "2020.06.20"]
[EventType "tourn"]
[SourceTitle "playchess.com"]
[Source "ChessBase"]
[SourceQuality "1"]

{[%evp 15,93,2,18,19,33,6,18,3,17,-19,-4,-12,0,-6,-14,-16,-13,-19,0,-48,-51,-63,-54,-56,-12,-13,0,-23,16,29,53,35,52,41,50,43,77,13,75,65,72,66,135,150,214,211,212,237,231,235,228,136,108,0,0,0,0,0,0,0,0,0,0,0,0,0,0,0,0,0,0,0,0,0,0,0,0,0,0,0]} 1. d4 Nf6 2. c4 e6 3. Nf3 d5 4. Nc3 Bb4 5. Bg5 dxc4 6. e4 h6 7. Bxf6 Qxf6 8. Bxc4 c5 9. O-O {Threatens to win with Nb5. D39: Queen's Gambit Declined: Ragozin Defence with 5 Bg5 dxc4.} cxd4 10. e5 Qd8 11. Ne4 O-O 12. Qd3 Be7 {[#]} 13. Rfe1 $146 ({Predecessor:} 13. a3 Qb6 14. Ng3 Rd8 15. Qe4 Qc6 16. Qe2 b5 17. Bxb5 Qb6 18. Qd3 {½-½ (18) Rodshtein,M (2637)-Wirig,A (2510) Biel 2011}) 13... Nc6 $36 {[%mdl 2048] Black has some pressure.} 14. Rad1 Qc7 15. Ng3 Nb4 16. Qe2 {[#]} d3 $1 {[%mdl 512]} 17. Qe4 (17. Bxd3 Nxd3) 17... b5 18. Bxd3 Nxd3 19. Qxd3 Bb7 20. Qxb5 {Strongly threatening Rd7.} Rfd8 21. b3 Bxf3 22. gxf3 Bg5 23. Kg2 Bd2 24. Re4 Rd5 25. Qc4 Qd7 26. Qa4 (26. Rg4 $16) 26... Qd8 (26... Qc7 $1 $11 {keeps the balance.}) 27. Re2 $16 Rd4 28. Qa6 Qd5 (28... Rd7 $14) 29. Re4 {Black must now prevent Rxd4.} Rd8 (29... Rd3 $16) 30. Rxd4 $18 (30. Qxa7 $6 Rd3 $16) 30... Qxd4 31. Ne4 Qxe5 32. Qxa7 {Hoping for Qe7.} ({Weaker is} 32. Nxd2 Qg5+ 33. Kh1 Rxd2 $11) (32. Rxd2 Rxd2 33. Nxd2 (33. Qc8+ Kh7 $11) 33... Qg5+ 34. Kh1 Qxd2 $11) 32... Rd5 33. Qe7 ({Inferior is} 33. Nxd2 Qe2 $11) (33. Rxd2 $18 Rxd2 34. Nxd2 (34. Qa8+ Kh7 $14) 34... Qg5+ 35. Kf1 Qxd2 36. Qb8+ Kh7 37. a4) 33... f5 $16 34. Nxd2 (34. Ng3 $16) 34... Qe2 $1 $11 {The position is equal.} 35. Ne4 Rxd1 36. Qxe6+ {[%mdl 4160] [#] Endgame Double Attack. KQR-KQN} Kf8 37. Qxf5+ Kg8 38. Qe6+ Kf8 39. Qc8+ Kf7 40. Qf5+ Kg8 41. Qe6+ Kf8 42. a4 Qf1+ 43. Kg3 Qg1+ 44. Kh3 Qf1+ 45. Kg3 Qg1+ 46. Kh3 Qf1+ 47. Kg3 {Black escapes into a draw. Accuracy: White = 81%, Black = 80%.} 1/2-1/2

[Event "Chessable Masters by chess24-B"]
[Site "Online"]
[Date "2020.06.19"]
[Round "3.2"]
[White "Vachier-Lagrave, Maxime"]
[Black "Caruana, Fabiano"]
[Result "1-0"]
[WhiteElo "2860"]
[BlackElo "2773"]
[Annotator "TA"]
[PlyCount "99"]
[EventDate "2020.06.20"]
[EventType "tourn"]
[SourceTitle "playchess.com"]
[Source "ChessBase"]
[SourceQuality "1"]

{[%evp 13,98,2,16,12,22,0,0,0,0,0,0,-10,4,0,-10,-16,-18,-20,-14,-29,0,0,0,-18,-19,-8,-7,-16,7,-12,0,0,0,-19,-12,-11,0,0,0,0,2,12,0,0,0,0,26,28,57,53,45,60,47,43,65,72,149,150,164,120,116,104,111,75,104,79,201,214,312,307,297,302,265,266,385,389,380,385,930,900,29996,610,29997,29998,29998,29999,29999]} 1. d4 d5 2. c4 c6 3. Nf3 Nf6 4. Qc2 dxc4 5. Qxc4 Bf5 6. g3 e6 7. Bg2 Be7 8. O-O {D23: Queen's Gambit Accepted: 3 Nf3 Nf6 sidelines.} O-O 9. Qb3 Qb6 10. Nbd2 {[%cal Bb1d2,Bd2c4,Bc4e5][%mdl 32] The position is equal.} Rd8 11. Nc4 Qa6 {[#]} 12. Bg5 $5 $146 {[%mdl 8] New and interesting.} ({Predecessor:} 12. Bd2 Nbd7 13. Rfc1 Be4 14. Bb4 c5 15. dxc5 Nxc5 16. Qa3 Qxa3 17. Bxa3 Rac8 18. Ne1 {½-½ (41) Nakamura,H (2736)-Caruana,F (2835) chess24.com INT 2020}) 12... Nbd7 13. Rfe1 h6 14. Bf4 Nb6 15. Nce5 {next e4! is good for White.} Qa4 16. Bd2 Be4 17. Qxa4 Nxa4 18. b3 Nb6 19. Ba5 Rd5 20. Bc3 c5 21. e3 Rdd8 22. Red1 Nbd5 23. Ba5 Rdc8 24. Rac1 b6 25. Be1 a5 26. a4 Rc7 27. Nc4 Rac8 28. dxc5 Bxc5 29. Nd4 Bxg2 30. Kxg2 Bxd4 31. Rxd4 Nd7 32. e4 N5f6 33. Rcd1 Rb8 34. f3 Kh7 {[#]} (34... Nc5 $142) 35. g4 $1 $16 e5 36. Rd6 Nc5 37. Nxe5 Nxb3 38. h4 b5 39. g5 Nh5 {[#] This move loses the game for Black.} (39... Ne8 $16 40. Rd7 Rxd7 41. Nxd7 Rb7) 40. Nd7 $1 $18 {[%cal Rd7b8]} Rbc8 (40... Ra8 $142 41. axb5 a4 42. gxh6 g6) 41. axb5 {[%cal Ba4b5,Bb5b6][%mdl 32]} a4 42. b6 Rb7 43. Bb4 Nf4+ (43... Rc2+ {was necessary.} 44. Kh3 Nf4+ 45. Kg4 Ng6) 44. Kg3 Ne6 45. Kg4 Rc2 $2 {[#]} (45... h5+ 46. Kxh5 Kg8) 46. g6+ $1 {[%mdl 576] Decoy} Kxg6 (46... fxg6 47. Rxe6) 47. Nf8+ {[%mdl 64] Double Attack} Kf6 {[#]} 48. e5+ $1 {[%mdl 576] Decoy. White mates.} Kxe5 49. R6d5+ Kf6 50. Rf5# {Accuracy: White = 95%, Black = 63%.} 1-0

[Event "Chessable Masters by chess24-B"]
[Site "Online"]
[Date "2020.06.19"]
[Round "3.3"]
[White "Giri, Anish"]
[Black "Radjabov, Teimour"]
[Result "1/2-1/2"]
[WhiteElo "2731"]
[BlackElo "2758"]
[Annotator "TA"]
[PlyCount "90"]
[EventDate "2020.06.20"]
[EventType "tourn"]
[SourceTitle "playchess.com"]
[Source "ChessBase"]
[SourceQuality "1"]

{[%evp 23,90,15,18,0,0,0,0,0,9,0,21,0,25,29,16,26,44,4,5,20,52,41,45,50,60,19,23,25,32,0,0,0,19,19,19,39,35,19,19,17,24,22,25,18,12,0,0,0,0,-16,0,-8,0,0,0,0,0,-10,-10,-8,-8,-16,0,0,0,-14,0,-4,0]} 1. d4 e6 2. c4 f5 3. g3 Nf6 4. Bg2 d5 5. Nf3 c6 6. O-O Bd6 7. b3 Qe7 8. Bb2 O-O 9. Qc1 b6 10. Ba3 Bb7 11. Bxd6 Qxd6 12. Nc3 Nbd7 {[#]} 13. cxd5 $146 {A90: Dutch Defence: Miscellaneous and Modern Stonewall (with ...Bd6).} ({Predecessor:} 13. Rd1 Rac8 14. e3 Rfd8 15. Ne2 Ne4 16. Qb2 Qe7 17. Nf4 a5 18. Rac1 Re8 19. Rc2 Nd6 20. h3 Nf7 {1-0 (49) Predke,A (2626)-Ionov,S (2530) Sochi 2019}) 13... exd5 14. e3 Ne4 15. Qb2 Rae8 16. Rac1 Rf6 17. Rfd1 Qe7 18. b4 b5 19. a4 a6 20. axb5 axb5 21. Ra1 Qd6 22. Ra7 Qb8 23. Rda1 Nb6 24. Ne5 Nc4 25. Nxc4 bxc4 26. Bxe4 (26. b5 {is interesting.} cxb5 27. Bxe4 fxe4 28. Qxb5 Bc6 29. Qxb8 Rxb8 30. Rc7) 26... fxe4 27. b5 Ref8 28. bxc6 Bxc6 29. Qxb8 Rxb8 30. R1a2 Rf7 31. R7a5 Rd7 32. Rc5 Rb6 33. Kg2 Kf7 {The position is equal.} 34. f3 exf3+ 35. Kxf3 Rb3 36. Rc2 Rd6 37. g4 h6 38. h4 g5 39. hxg5 hxg5 40. e4 dxe4+ 41. Ke3 Bd5 42. Kd2 Be6 43. Ke3 Bd5 44. Kd2 Be6 45. Ke3 Bd5 {Accuracy: White = 91%, Black = 92%.} 1/2-1/2

[Event "Chessable Masters by chess24-B"]
[Site "Online"]
[Date "2020.06.19"]
[Round "4.1"]
[White "Vachier-Lagrave, Maxime"]
[Black "Ding, Liren"]
[Result "1/2-1/2"]
[WhiteElo "2860"]
[BlackElo "2836"]
[Annotator "TA"]
[PlyCount "108"]
[EventDate "2020.06.20"]
[EventType "tourn"]
[SourceTitle "playchess.com"]
[Source "ChessBase"]
[SourceQuality "1"]

{[%evp 9,108,14,12,12,13,8,0,0,2,6,5,0,0,0,0,0,0,0,0,0,0,-30,-18,-52,-45,-47,-43,-56,-65,-95,-52,-68,-49,-46,-28,-28,-26,-32,-26,-34,0,-29,0,0,0,0,0,0,0,0,0,-15,-13,-43,-39,-41,-42,-31,0,0,0,0,0,-4,0,0,0,0,0,0,0,0,0,0,0,0,0,0,0,0,0,0,0,0,0,0,0,0,0,0,0,0,0,0,0,0,0,0,0,0,0]} 1. c4 e5 2. g3 c6 3. Nf3 e4 4. Nd4 d5 5. cxd5 Qxd5 6. Nc2 {A20: English Opening: 1...e5.} Nf6 7. Nc3 Qe5 8. Bg2 Na6 9. O-O Be7 {[#]} 10. Re1 $146 ({Predecessor:} 10. Ne3 h5 11. d4 exd3 12. exd3 Qd4 13. Nc2 Qg4 14. Bf4 Qxd1 15. Raxd1 Bg4 16. Rd2 {½-½ (40) Giri,A (2763)-Grischuk,A (2777) Ekaterinburg 2020}) 10... Be6 11. d4 exd3 12. exd3 Qd6 13. Be3 O-O 14. Nd4 Bg4 $36 {[%mdl 2048] Black fights for an advantage.} 15. Bf3 Qd7 16. Ne4 {[#] aiming for Nxf6+.} h5 17. Bxg4 hxg4 18. a3 Nd5 19. Qc2 Nac7 20. Rad1 Rae8 21. Bd2 f5 {...Nb6 is the strong threat.} 22. Nc5 Bxc5 23. Qxc5 a6 24. a4 f4 (24... Ne6 {with more complications.} 25. Nxe6 Rxe6 26. Rxe6 Qxe6 27. Re1 Qf6) 25. Rxe8 Nxe8 26. Bxf4 Nxf4 27. gxf4 Rxf4 28. Re1 Nc7 29. Re4 Nd5 30. Ne2 Rf7 31. Qc4 Qf5 32. Re8+ Kh7 33. Qe4 g6 34. Qd4 {[%csl Gd4][%cal Re8h8] [#]The position is equal.} Qf6 35. Re4 Qxd4 36. Rxd4 $11 {[%mdl 4096] Endgame KRN-KRN} Rf3 37. a5 Kh6 38. Rxg4 Rxd3 39. Nc3 Nxc3 40. bxc3 Rxc3 {KR-KR} 41. Rb4 Rc5 (41... Rc1+ {feels hotter.} 42. Kg2 c5 43. Rxb7 Ra1 44. Rb6 Rxa5 45. Rc6 Ra2) 42. Rxb7 Rxa5 43. Rb6 c5 44. Rc6 Kg5 45. Kg2 Kf5 46. h4 Kg4 47. Rxg6+ Kxh4 48. Kf3 Kh5 49. Rc6 Kg5 50. Ke4 Ra4+ 51. Kd5 Rf4 52. Kxc5 Rxf2 53. Rxa6 Rf6 54. Rxf6 Kxf6 {Accuracy: White = 89%, Black = 93%.} 1/2-1/2